Putting an end to it all (Record no. 71143)

MARC details
000 -LEADER
fixed length control field 01088cam a2200217 4500
001 - CONTROL NUMBER
control field ABS65858
008 - FIXED-LENGTH DATA ELEMENTS--GENERAL INFORMATION
fixed length control field 020911n2002 000 0 eng u
035 ## - SYSTEM CONTROL NUMBER
System control number (Sirsi) u119673
100 ## - MAIN ENTRY--PERSONAL NAME
Personal name Blackler, T.
245 ## - TITLE STATEMENT
Title Putting an end to it all
260 ## - PUBLICATION, DISTRIBUTION, ETC.
Date of publication, distribution, etc. 2002
490 ## - SERIES STATEMENT
Series statement Building
Volume/sequential designation 267(8249) 6 September 2002, 50(1)
520 ## - SUMMARY, ETC.
Summary, etc. Reviews the consequences of the CA decision in , "Rice v Great Yarmouth BC" ( CA [2003] TCLR 1)E It concerned whether a local authority GY was entitled to terminate two contracts it made with a horticultural contractor. GY had served many default notices under the contract which contained a clause allowing it to terminate the contractor's employment with immediate effect if any of the obligations were breached. The contractor admitted that a number of breaches had occurred, but surprisingly, CA agreed that the terminations were invalid.
590 ## - LOCAL NOTE (RLIN)
Local note ABS
650 ## - SUBJECT ADDED ENTRY--TOPICAL TERM
Topical term or geographic name entry element RICE V GREAT YARMOUTH BC
650 ## - SUBJECT ADDED ENTRY--TOPICAL TERM
Topical term or geographic name entry element MAINTENANCE CONTRACTS
650 ## - SUBJECT ADDED ENTRY--TOPICAL TERM
Topical term or geographic name entry element BREACH OF CONTRACT
650 ## - SUBJECT ADDED ENTRY--TOPICAL TERM
Topical term or geographic name entry element TERMINATION OF CONTRACT
690 ## - LOCAL SUBJECT ADDED ENTRY--TOPICAL TERM (OCLC, RLIN)
Topical term or geographic name as entry element LAW-UK
942 ## - ADDED ENTRY ELEMENTS (KOHA)
Suppress in OPAC 0
Holdings
Withdrawn status Lost status Source of classification or shelving scheme Damaged status Not for loan Home library Current library Shelving location Date acquired Total Checkouts Full call number Barcode Date last seen Copy number Price effective from Koha item type
    Dewey Decimal Classification     London London Books 11/09/2002   ABS65858 119673-1001 06/08/2019 1 06/08/2019 Book